| Tag |
First Indicator |
Second Indicator |
Subfields |
| LEADER |
00000cam a2200000 4500 |
| 001 |
in00000615293 |
| 005 |
20151014170012.0 |
| 008 |
780502s1958 dcua 00000 eng |
| 010 |
|
|
|a 59062957
|
| 035 |
|
|
|a (OCoLC)03856228
|
| 035 |
|
|
|9 ACS5491AM
|
| 040 |
|
|
|a DLC
|c GAT
|d TXA
|d UtOrBLW
|
| 049 |
|
|
|a TXAM
|c [372971]
|
| 050 |
0 |
0 |
|a TE153
|b .A496
|
| 082 |
0 |
|
|a 625.77
|
| 110 |
2 |
|
|a American Association of State Highway Officials.
|b Committee on Planning and Design Policies.
|
| 245 |
1 |
2 |
|a A policy on safety rest areas for the national system of interstate and defense highways. :
|b Adopted April 30, 1958.
|
| 264 |
|
1 |
|a Washington,
|b [publisher not identified] ;
|c [1958]
|
| 264 |
|
4 |
|c [©1958]
|
| 300 |
|
|
|a 42 pages :
|b illustrations ;
|c 23 cm.
|
| 336 |
|
|
|a text
|b txt
|2 rdacontent
|
| 337 |
|
|
|a unmediated
|b n
|2 rdamedia
|
| 338 |
|
|
|a volume
|b nc
|2 rdacarrier
|
| 650 |
|
0 |
|a Roads
|x Safety measures.
|
| 650 |
|
0 |
|a Roadside improvement.
|
| 999 |
|
|
|a MARS
|
| 999 |
f |
f |
|s bd26655a-4eb1-3409-af71-b54f9a13adc3
|i 5fff1989-860e-3318-b4a3-4379864a3d66
|t 0
|
| 952 |
f |
f |
|p ric
|a Texas A&M University
|b Rellis Campus
|c Joint Library Facility
|d Remote Storage
|t 0
|e TE153 .A496
|h Library of Congress classification
|i unmediated -- volume
|m A14805386652
|
| 998 |
f |
f |
|a TE153 .A496
|t 0
|l Remote Storage
|